| 000 | 00483cam a2200193ua 4500 | ||
|---|---|---|---|
| 020 | _c1247.17 | ||
| 041 |
_aeng _h |
||
| 082 |
_a631.37 _bSTO/MA |
||
| 100 | _aStone, Archie A . | ||
| 245 |
_aMachines for power farming / _cArchie A Stone. _hTextual Documents |
||
| 250 |
_a3 / _b. |
||
| 260 |
_aLondon : _bJohn Wiley & Sons , _c1977. |
||
| 300 | _a533 ; . | ||
| 365 | _a1247.17 | ||
| 504 | _a | ||
| 700 | 1 | _aGulvin, Harold E . | |
| 942 | _cBK | ||
| 999 |
_c9415 _d9415 |
||